The monetary and banking development of Malaysia and Singapore

שמור ב:
מידע ביבליוגרפי
מחבר ראשי: Sheng-Yi, Lee
פורמט: ספר
שפה:Undetermined
יצא לאור: Singapore Singapore University Press 1974
נושאים:
תגים: הוספת תג
אין תגיות, היה/י הראשונ/ה לתייג את הרשומה!
Thư viện lưu trữ: Trung tâm Học liệu Trường Đại học Cần Thơ
LEADER 00609nam a2200193Ia 4500
001 CTU_93049
008 210402s9999 xx 000 0 und d
082 |a 332.49495 
082 |b S546 
100 |a Sheng-Yi, Lee 
245 4 |a The monetary and banking development of Malaysia and Singapore 
245 0 |c Lee Sheng-Yi 
260 |a Singapore 
260 |b Singapore University Press 
260 |c 1974 
650 |a Money,Money,Banks and banking,Banks and banking 
650 |z Malaysia,Singapore,Malaysia,Singapore 
904 |i Nguyên, QHieu 
980 |a Trung tâm Học liệu Trường Đại học Cần Thơ